[Event "Plzen op 9th"]
[Site "Plzen"]
[Date "2017.11.21"]
[Round "3"]
[White "Vlk, Miloslav"]
[Black "Daly, Patrick"]
[Result "1/2-1/2"]
[WhiteElo "2000"]
[BlackElo "1793"]
[PlyCount "64"]
[EventDate "2017.11.19"]
[EventType "swiss"]
[EventRounds "7"]
[EventCountry "CZE"]
[SourceTitle "CBM 181 Extra"]
[Source "ChessBase"]
[SourceDate "2017.12.12"]
[SourceVersion "1"]
[SourceVersionDate "2017.12.12"]
[SourceQuality "1"]

1. c4 e6 2. Nc3 Bb4 3. Qc2 Nc6 4. Nf3 Nf6 5. a3 Bxc3 6. Qxc3 d6 7. g3 Qe7 8. Bg2 e5 9. b4 0-0 10. Bb2 Ne4 11. Qc2 f5 12. 0-0 Bd7 13. d4 exd4 14. Nxd4 a6 15. Rad1 Rae8 16. Nf3 Be6 17. Nd4 Nxd4 18. Rxd4 c5 19. Rd3 cxb4 20. axb4 Rc8 21. Rd4 b5 22. Bxe4 fxe4 23. Qxe4 Rxc4 24. Rxc4 bxc4 25. Rd1 Qf7 26. Qf4 Qxf4 27. gxf4 d5 28. Be5 Rc8 29. Bc3 Rc6 30. f3 g6 31. Kf2 Kf8 32. e4 dxe4 1/2-1/2

[Event "Reykjavik op"]
[Site "Reykjavik"]
[Date "2017.04.25"]
[Round "8"]
[White "Kristofersson, Sindri Snaer"]
[Black "Daly, Patrick"]
[Result "0-1"]
[WhiteElo "1197"]
[BlackElo "1804"]
[PlyCount "80"]
[EventDate "2017.04.19"]
[EventType "swiss"]
[EventRounds "10"]
[EventCountry "ISL"]
[SourceTitle "CBM 178 Extra"]
[Source "ChessBase"]
[SourceDate "2017.06.22"]
[SourceVersion "1"]
[SourceVersionDate "2017.06.22"]
[SourceQuality "1"]

1. d4 d5 2. c4 c6 3. Nf3 Nf6 4. Bf4 e6 5. e3 Bd6 6. Bxd6 Qxd6 7. c5 Qc7 8. Nc3 0-0 9. Bd3 Nbd7 10. h3 Re8 11. 0-0 e5 12. Bf5 e4 13. Bxd7 Bxd7 14. Nd2 Bf5 15. b4 a6 16. Na4 Qe7 17. Nb6 Rab8 18. Nb3 Qe6 19. g4 Nxg4 20. hxg4 Bxg4 21. f3 Bxf3 22. Rxf3 exf3 23. Qxf3 Qxe3+ 24. Qxe3 Rxe3 25. Nd7 Rbe8 26. Ne5 f6 27. Kf2 Rxb3 28. axb3 fxe5 29. Re1 e4 30. Ke3 Rf8 31. Rb1 Rf3+ 32. Kd2 Rd3+ 33. Kc2 Rxd4 34. Kc3 Rd3+ 35. Kc2 Rf3 36. Re1 Kf7 37. Re2 g5 38. Re1 h5 39. Rh1 Kg6 40. Rg1 g4 0-1

[Event "WchT Seniors 65"]
[Site "Radebeul"]
[Date "2016.07.02"]
[Round "7.19"]
[White "Hellwege, Werner"]
[Black "Daly, Patrick"]
[Result "1/2-1/2"]
[WhiteElo "1895"]
[BlackElo "1912"]
[PlyCount "126"]
[EventDate "2016.06.26"]
[EventType "team-swiss"]
[EventRounds "9"]
[EventCountry "GER"]
[SourceTitle "CBM 173 Extra"]
[Source "ChessBase"]
[SourceDate "2016.08.29"]
[SourceVersion "1"]
[SourceVersionDate "2016.08.29"]
[SourceQuality "1"]
[WhiteTeam "Niedersachsen Freibauer"]
[BlackTeam "Ireland"]
[WhiteTeamCountry "GER"]
[BlackTeamCountry "IRL"]

1. d4 f5 2. g3 Nf6 3. Bg2 e6 4. c4 Be7 5. Nc3 0-0 6. e4 fxe4 7. Nxe4 Nxe4 8. Bxe4 Bb4+ 9. Bd2 Bxd2+ 10. Qxd2 Qf6 11. Nh3 e5 12. dxe5 Qxe5 13. Qd5+ Qxd5 14. Bxd5+ Kh8 15. 0-0 h6 16. Nf4 Kh7 17. Rae1 Nc6 18. Be4+ Kg8 19. Nd5 d6 20. Bg2 Bf5 21. Ne7+ Nxe7 22. Rxe7 c6 23. Rxb7 Bd3 24. Rc1 Rfc8 25. b3 a5 26. Rd1 Bf5 27. Rxd6 Re8 28. Bxc6 Re1+ 29. Kg2 Rf8 30. Rd2 Be4+ 31. Bxe4 Rxe4 32. f3 Re3 33. f4 Rfe8 34. Kf2 a4 35. b4 Rc3 36. c5 h5 37. Rb6 h4 38. gxh4 Re4 39. c6 Rxf4+ 40. Ke2 Rxh4 41. Kd1 Rhc4 42. b5 a3 43. Rb8+ Kh7 44. Rbd8 Rb4 45. R8d5 Rbc4 46. Rh5+ Kg6 47. Rhd5 Kh7 48. R5d4 Rc5 49. Rb4 Rc1+ 50. Ke2 Re5+ 51. Kf2 Re8 52. Rb3 Rb8 53. Rd7 Rc2+ 54. Ke3 Rxa2 55. c7 Rc8 56. b6 Re8+ 57. Kd3 Rxh2 58. Kc4 a2 59. Ra3 Rb2 60. Kc3 Rxb6 61. Rxa2 Rc6+ 62. Kd3 Rc8 63. Rd8 R8xc7 1/2-1/2

[Event "WchT Seniors 65"]
[Site "Radebeul"]
[Date "2016.06.28"]
[Round "3.2"]
[White "Daly, Patrick"]
[Black "Krueger, Erich"]
[Result "1/2-1/2"]
[WhiteElo "1912"]
[BlackElo "2198"]
[PlyCount "87"]
[EventDate "2016.06.26"]
[EventType "team-swiss"]
[EventRounds "9"]
[EventCountry "GER"]
[SourceTitle "CBM 173 Extra"]
[Source "ChessBase"]
[SourceDate "2016.08.29"]
[SourceVersion "1"]
[SourceVersionDate "2016.08.29"]
[SourceQuality "1"]
[WhiteTeam "Ireland"]
[BlackTeam "Katernberg"]
[WhiteTeamCountry "IRL"]
[BlackTeamCountry "GER"]

1. d4 Nf6 2. Nf3 g6 3. Bg5 Bg7 4. Nbd2 0-0 5. e4 d5 6. e5 Ne4 7. Bh4 h6 8. Bd3 g5 9. Bg3 Bf5 10. Qe2 Nxg3 11. hxg3 Bxd3 12. Qxd3 e6 13. Nh2 f5 14. exf6 Qxf6 15. Ng4 Qf5 16. Nxh6+ Bxh6 17. Qxf5 exf5 18. Rxh6 Re8+ 19. Kf1 Kg7 20. Rh1 Nc6 21. c3 g4 22. Re1 Kg6 23. f4 b5 24. Kf2 a5 25. Rxe8 Rxe8 26. Re1 Rxe1 27. Kxe1 b4 28. Nb3 Kf6 29. Nc5 Ke7 30. Kd2 bxc3+ 31. bxc3 Nd8 32. Kc2 Nf7 33. Nb7 Nd6 34. Nxa5 Ne4 35. Nb3 Nxg3 36. Nc1 Kd6 37. Kb3 Nf1 38. Ne2 Ne3 39. g3 Kc6 40. Kb4 Kb6 41. a3 Nc2+ 42. Kb3 Ne3 43. Kb4 Nc2+ 44. Kb3 1/2-1/2

[Event "Guernsey op"]
[Site "Guernsey"]
[Date "2013.10.23"]
[Round "4"]
[White "Daly, Patrick"]
[Black "Hawkins, James Nick"]
[Result "1-0"]
[WhiteElo "1865"]
[BlackElo "1981"]
[PlyCount "151"]
[EventDate "2013.10.20"]
[EventType "swiss"]
[EventRounds "7"]
[EventCountry "GCI"]
[SourceTitle "CBM 157 Extra"]
[Source "ChessBase"]
[SourceDate "2013.12.19"]
[SourceVersion "1"]
[SourceVersionDate "2013.12.19"]
[SourceQuality "1"]

1. d4 c5 2. c3 cxd4 3. cxd4 d5 4. Nf3 Nf6 5. Nc3 Nc6 6. Bg5 Ne4 7. Bc1 Qa5 8. Bd2 Nxd2 9. Qxd2 Bf5 10. e3 a6 11. Bd3 Bxd3 12. Qxd3 e6 13. 0-0 Be7 14. a3 0-0 15. b4 Qd8 16. Na4 Bd6 17. Nc5 Qe7 18. Rfc1 Rfc8 19. Rc2 e5 20. dxe5 Nxe5 21. Qxd5 Nxf3+ 22. Qxf3 Qe5 23. Rac1 Qxh2+ 24. Kf1 Bxc5 25. Qxb7 Qh1+ 26. Ke2 Qh5+ 27. Qf3 Qxf3+ 28. Kxf3 h6 29. Rxc5 Rd8 30. Ke2 g5 31. g4 Kg7 32. Rc6 Rdb8 33. R1c5 Rb5 34. Kd3 Rb7 35. Rc7 Rb6 36. Rf5 Rf8 37. Kc4 Kg6 38. Ra5 Re8 39. Rd5 Ree6 40. Kd3 Rf6 41. Ke2 Rbe6 42. f3 Rb6 43. e4 Rfe6 44. Ke3 Red6 45. Kd4 Rf6 46. Ke3 Rfd6 47. Rf5 f6 48. Rd5 h5 49. gxh5+ Kxh5 50. Rh7+ Kg6 51. Rh8 Rbc6 52. Kd4 Re6 53. Rd7 Red6+ 54. Rxd6 Rxd6+ 55. Kc4 Rc6+ 56. Kb3 Rd6 57. Rc8 f5 58. exf5+ Kxf5 59. Rc3 Kf4 60. a4 Re6 61. b5 axb5 62. axb5 Re7 63. Kb4 Re1 64. Rb3 Ke5 65. Rc3 Kd6 66. Ka5 Ra1+ 67. Kb6 Kd7 68. Kb7 Rb1 69. b6 Kd6 70. Ka7 Ra1+ 71. Kb8 Rb1 72. b7 Kd7 73. Rc5 Rb3 74. Ka7 Ra3+ 75. Kb6 Rb3+ 76. Rb5 1-0

[Event "Guernsey op"]
[Site "Guernsey"]
[Date "2013.10.22"]
[Round "3"]
[White "Daly, Patrick"]
[Black "Ippel, Cornelius J"]
[Result "0-1"]
[WhiteElo "1865"]
[BlackElo "1916"]
[PlyCount "42"]
[EventDate "2013.10.20"]
[EventType "swiss"]
[EventRounds "7"]
[EventCountry "GCI"]
[SourceTitle "CBM 157 Extra"]
[Source "ChessBase"]
[SourceDate "2013.12.19"]
[SourceVersion "1"]
[SourceVersionDate "2013.12.19"]
[SourceQuality "1"]

1. d4 e6 2. Nf3 d5 3. c3 c5 4. Nbd2 Nc6 5. Nb3 c4 6. Nbd2 f5 7. Ne5 Nxe5 8. dxe5 Bc5 9. Nf3 Qb6 10. Nd4 Ne7 11. e3 Bd7 12. Be2 0-0-0 13. b4 cxb3 14. axb3 Nc6 15. f4 h6 16. Ba3 Nxd4 17. cxd4 Bxa3 18. Qc2+ Kb8 19. Kf2 Bb4 20. Ra2 Rc8 21. Qb2 Rc3 0-1

[Event "Lido Adriano op 1st"]
[Site "Ravenna"]
[Date "2011.04.04"]
[Round "3"]
[White "Pinho, Paulo Miguel"]
[Black "Daly, Patrick"]
[Result "1-0"]
[WhiteElo "2162"]
[BlackElo "1839"]
[PlyCount "89"]
[EventDate "2011.04.02"]
[EventType "swiss"]
[EventRounds "9"]
[EventCountry "ITA"]
[SourceTitle "EXT 2023"]
[Source "ChessBase"]
[SourceDate "2022.10.05"]
[SourceVersion "1"]
[SourceVersionDate "2022.10.05"]
[SourceQuality "1"]

1. d4 Nf6 2. c4 c5 3. d5 b5 4. cxb5 a6 5. f3 axb5 6. e4 d6 7. Bxb5+ Bd7 8. Bc4 Qb6 9. Qe2 g6 10. f4 Bg4 11. Nf3 Bxf3 12. Qxf3 Qb4+ 13. Nd2 Bg7 14. 0-0 0-0 15. Qe2 Nfd7 16. a3 Qb7 17. Kh1 Nb6 18. Bb5 e6 19. dxe6 fxe6 20. Nc4 Nxc4 21. Bxc4 Qd7 22. Qg4 Kh8 23. Bxe6 Qb5 24. Qd1 Ra4 25. Bd5 Rd4 26. Qf3 Nd7 27. Be3 Rd3 28. Qe2 c4 29. Rab1 Nf6 30. b3 Nxd5 31. exd5 Re8 32. bxc4 Qxc4 33. Rfd1 Rexe3 34. Rb8+ Bf8 35. Qb2+ Qd4 36. Qxd4+ Rxd4 37. Rc1 Kg7 38. g3 Be7 39. Kg2 Rxa3 40. Re1 Bf6 41. Rb7+ Kh6 42. Re6 Rd2+ 43. Kh3 Bg5 44. Kg4 Bxf4 45. Ree7 1-0